000 00372nam a2200097Ia 4500
008 220120s9999||||xx |||||||||||||| ||und||
100 _aAbhijith Mulik, Manovikasa Dutta, Pravesh and Nithin
_912445
245 0 _aMultiple routing configaration for fast IP network recovery
260 _aCoorg Institute of Technology
_bPonnampet
_c2002
650 _aELECTRONICS AND COMMUNICATIONS
999 _c138032
_d138032